[Event "ISR-chT"]
[Site "Israel"]
[Date "2005.01.07"]
[Round "1.1"]
[White "Avrukh, Boris"]
[Black "Khmelniker, Ilya"]
[Result "1-0"]
[WhiteElo "2629"]
[BlackElo "2458"]
[Annotator "Avrukh,B"]
[PlyCount "67"]
[EventDate "2005.01.08"]
[EventType "team"]
[EventRounds "11"]
[EventCountry "ISR"]
[SourceTitle "CBM 105"]
[Source "ChessBase"]
[SourceDate "2005.04.11"]
[SourceVersion "1"]
[SourceVersionDate "2005.04.11"]
[SourceQuality "1"]

1. d4 f5 2. g3 Nf6 3. Bg2 e6 4. c4 c6 5. Qc2 {Nowadays this is already a
typical idea: White is waiting for move d7-d5 and then develops his knight via
the h3-square.} d5 6. Nh3 Bd6 7. Bf4 Be7 {It goes without saying that Black
avoids the swap of dark-squared bishops .} 8. Nd2 O-O 9. O-O Nh5 (9... h6 10.
Bxb8 $1 Rxb8 11. Nf4 $14 {[%csl Gg6] actually is the point of White's set-up.})
10. Nf3 Nxf4 11. Nxf4 Bd6 12. Nd3 Nd7 {This allows White to seize the
initiative on the queenside.} ({Deserve serious attention} 12... Qe7 {and now
White has to waste tempo on} 13. a3 Nd7 $14 (13... a5 $143 14. b4 $1 axb4 $140
15. axb4 Rxa1 16. Rxa1 Bxb4 $2 17. c5 $18 {[%csl Rb4]})) 13. b4 a6 $6 $146 {
A new try and in my opinion not a very successfull one.} (13... Qe7 $142 14.
Rab1 (14. b5 $5) 14... b5 $1 15. cxd5 (15. c5 Bc7 16. Nfe5 Nxe5 17. Nxe5 Bxe5
18. dxe5 a5 $11) 15... cxd5 {[%cal Yd7b6,Yb6c4]} 16. Qc6 Rb8 17. Nfe5 Rb6 18.
Qc3 Nxe5 19. dxe5 Bb8 $11 {1/2-1/2 Dreev,A-Radjabov,T/Moscow 2002/CBM 091/
[Postny] (68)}) 14. a4 Nf6 ({After} 14... Qe7 15. b5 axb5 16. axb5 Rxa1 17.
Rxa1 cxb5 18. cxd5 $1 (18. c5 Bc7 19. Qb3 $5 {also clearly better for White.})
18... exd5 19. Qb3 Nf6 20. Nfe5 $16 {White has a clear positional advantage.})
15. Nfe5 Qe7 16. b5 Bd7 $2 ({Apparently better was} 16... axb5 17. axb5 Rxa1 (
17... Bd7 18. b6 $1 $16 {[%cal Ga1a7]}) 18. Rxa1 cxb5 19. c5 (19. cxd5 Nxd5 20.
Qb3 b4 {not that clear}) (19. cxb5 {leads to White's solid advantage.}) 19...
Bc7 (19... Bxe5 20. Nxe5) 20. Qb3 {[%csl Gb5]} Qe8 {although after} 21. Ra7 {
Black's position is very unpleasant.}) 17. bxc6 bxc6 18. Rfb1 {[%csl Gb6][%cal
Gb1b6]} Rfb8 19. a5 Be8 20. Rb6 Rc8 (20... Rxb6 $6 21. axb6 {Strategically
winning for White.}) 21. Rab1 (21. c5 $1 {was even more in the spirit of
White's play.} Bxe5 (21... Bc7 22. Nxc6 $18) 22. Nxe5 Nd7 23. Rb7 Qd8 24. Nxd7
Bxd7 25. e3 {[%cal Gg2f1]} Rcb8 26. Rb6 {[%csl Ra6][%cal Gg2f1] White should
be able easily to convert his great positional advantage.}) 21... c5 $1 {
Ilya immediately uses his chance to get some activity.} 22. Qa2 $2 {Actually
this move was my idea, when I have played 21 Rab1.} ({The right decision was} 
22. Rxd6 $1 Qxd6 23. Rb6 Qe7 24. Nxc5 Ne4 (24... Rxc5 25. dxc5 Qxc5 26. Rxe6
$16) 25. Rxe6 Qc7 26. Bxe4 dxe4 27. Qc3 {with clear advantage.}) 22... Ne4 $1 {
[%cal Ge4c3] I simply overlooked this jump. Now Black gets a reasonable play.}
23. Qa1 Bc7 ({After} 23... cxd4 24. Qxd4 Nd2 {White has a very strong tactical
solution} 25. Rxd6 $1 Qxd6 26. Rb6 Qa3 27. Rxe6 {[%cal Gg2d5] with almost
decisive attack.}) 24. Rb7 (24. dxc5 Bxb6 25. cxb6 Rab8 {White definitely has
reasonable compensation, but Black is not without chances.}) 24... dxc4 $2 {
Strangely enough but this logical capture appears to be a serious mistake,
after which Black is getting in trouble once again.} (24... Nd6 25. Nxc5 (25.
R7b2 Ne4) 25... Nxb7 26. Rxb7 dxc4 27. Nxc4 {[%cal Gc4b6]} Rcb8 28. Rxb8 Rxb8
29. Nxa6 Rb5 30. Nc5 $16 {[%csl Ga5]}) ({The correct capture was} 24... cxd4 $1
25. Qxd4 (25. cxd5 Nc3 26. R1b6 exd5) 25... dxc4 26. Nxc4 Bc6 27. R7b2 Rd8 28.
Qe3 {[%cal Gc4b6] and White has only small adavntage.}) 25. Bxe4 $1 {The point
.} (25. Nxc4 Bc6 {no problems for Black .}) 25... cxd3 26. Bxd3 Qd6 ({During
the game I thought that Black should play} 26... cxd4 27. Qxd4 Qf6 {with good
chance to equalise .} {But after} 28. Nf3 $1 Bxa5 (28... Bc6 29. Qxf6 gxf6 30.
Bc4 $1 $16) 29. Qxf6 gxf6 30. Re7 $40 {[%csl Ge6][%cal Gb1b7] I cannot find a
reasonable defence.}) 27. e3 cxd4 28. exd4 Rab8 29. Qc3 $1 $16 Bd8 $138 (29...
Ra8 30. Bc4 Kh8 31. Bxe6 Bxa5 32. Qxa5 Qxe6 33. R7b6 $16 {[%cal Gb6a6]}) 30.
Qb3 $18 {Black loses his a6-pawn .} Rxb7 31. Qxb7 Rc7 (31... Rc3 32. Qxa6 Qxa6
33. Bxa6 Bxa5 $140 $2 34. Rb8 Kf8 35. Bb5 $18) 32. Qxa6 Qxa6 33. Bxa6 Ra7 34.
Bc4 {[%cal Gb1b8,Gc4e6]} 1-0

[Event "FIDE World Cup-B"]
[Site "Hyderabad"]
[Date "2002.10.10"]
[Round "1"]
[White "Azmaiparashvili, Zurab"]
[Black "Radjabov, Teimour"]
[Result "1/2-1/2"]
[WhiteElo "2666"]
[BlackElo "2628"]
[Annotator "Finkel,A"]
[PlyCount "90"]
[EventDate "2002.10.05"]
[EventType "tourn"]
[EventRounds "5"]
[EventCountry "IND"]
[EventCategory "14"]
[SourceTitle "CBM 092"]
[Source "ChessBase"]
[SourceDate "2003.02.06"]
[SourceVersion "1"]
[SourceVersionDate "2003.02.06"]
[SourceQuality "1"]

1. d4 e6 2. g3 f5 3. Bg2 Nf6 4. c4 c6 5. Qc2 (5. Nd2 {[%cal Ge2e4]} d5 6. Qc2
$5 {(/\Nh3,Nf3,Bf4)} Bd6 7. Nh3 O-O 8. Nf3 $5 (8. O-O Nh5 $5 (8... b6 $5) 9.
Nf3 Nd7 10. Nf4 Nxf4 11. Bxf4 Bxf4 12. gxf4 Nf6 13. e3 Bd7 14. Kh1 Be8 15. Ne5
Ng4 16. Bf3 Nxe5 17. dxe5 Qh4 18. Qe2 $13 {Brenninkmeijer,J-Winants,L/Lyon 1990
}) 8... Ne4 $5 (8... Bd7 9. O-O Ne4 $5 (9... Be8 $5 10. Bf4 h6 11. Bxd6 Qxd6
12. Nf4 Nbd7 13. Nd3 dxc4 14. Qxc4 Bh5 15. b4 Ne4 16. Rfd1 Nb6 17. Qb3 $14 {
1-0 Kasparov,G-Nikolic,P/New York 1994/EXP 41 (71)}) 10. Ne5 Be8 11. Nd3 Nd7
12. f3 Nef6 13. Bf4 $14 {1-0 Efimov,I-Kovacevic,B/Formia 1995/EXT 95op (26)})
9. O-O b6 $5 (9... Nd7 $6 10. Nf4 Qe7 11. Nd3 b6 12. b4 Ba6 13. c5 Bc7 14. a4
Bc4 15. Nb2 $14 {1-0 Lautier,J-Schmittdiel,E/Berlin 1997/EXP 59 (24)}) 10. Bf4
Bb7 (10... Ba6 11. cxd5 $1 cxd5 $2 12. Rfc1 Qe7 13. Bxd6 Nxd6 14. Nf4 Rc8 15.
Qa4 Rxc1+ 16. Rxc1 Bb7 17. h4 $16 {Chernin,A-Ulibin,M/26th Rilton Cup,
Stockholm SWE 1997 (38)}) 11. Rfd1 $6 (11. Rad1 Be7 (11... Na6 $143 12. Nfg5
Nc7 13. Nxe4 Bxf4 14. Nxf4 dxe4 15. h4 $14 {1/2-1/2 Rowson,J-Nolan,G/Largs
1998/EXT 99 (21)}) 12. Qc1 Qe8 13. Nhg5 Bf6 14. Ne5 c5 $13 {Georges,S-Klinger,
J/Zuerich 1992}) (11. Bxd6 Qxd6 12. Nf4 Nd7 13. Rfd1 Rac8 14. b3 Rfd8 15. Qb2
$11 {Kandyba,L-Iljushin,A/Briansk 1995}) 11... Nd7 12. Bxd6 Nxd6 13. Nf4 Qe7
14. cxd5 exd5 15. Rac1 Ne4 16. Nd3 c5 $132 {Golod,V-Ulibin,M/Vienna 1998}) 5...
d5 6. Nh3 Bd6 7. Bf4 Be7 $5 {Black is willing to lose a tempo with a bishop
because white knight is awkwardly placed on h3.} (7... Bxf4 8. Nxf4 g5 9. Nd3
Nbd7 10. h4 g4 11. Nd2 Ne4 12. Rc1 O-O 13. O-O Qe7 14. b4 Qg7 15. e3 a6 16. a4
$14 {Epishin,V-Smyslov,V/Moscow 1993}) 8. Nd2 (8. O-O Na6 9. a3 h6 10. Be5 g5
11. b4 O-O 12. b5 Nb8 13. cxd5 cxd5 14. Nd2 Nbd7 15. Bc7 Qe8 16. f3 $14 {
Pinter,J-Lobron,E/Ljubljana 1995}) 8... O-O 9. Rc1 Nh5 10. Be5 $6 {Wrong
decision permitting blak to get out of the opening with very promising
position.} (10. O-O Nd7 11. Nf3 Nxf4 12. Nxf4 Nf6 13. Ne5 $14) 10... Nd7 11.
O-O (11. Nf4 $5 Nxe5 12. Nxh5 Nxc4 13. Nxc4 dxc4 14. Qxc4 Qa5+ 15. Kf1 Bd6 $13)
11... g5 $1 {[%csl Rh3] Cutting the knight on h3 off the game.} 12. f4 Nxe5 13.
fxe5 (13. dxe5 g4 (13... Bd7 $5) 14. Nf2 Ng7 15. Rfd1 {[%cal Ge2e4]} Qb6 $132)
13... Bd7 14. e3 Rc8 15. Nf2 Ng7 {[%cal Gh7h4] Preparing an advance of h-pawn.}
16. Nd3 h5 17. Nf3 g4 (17... h4 $6 18. gxh4 $1 g4 19. Ng5 Bxg5 20. hxg5 Qxg5
21. Nf4 $14) 18. Nd2 h4 19. Rfd1 Nh5 (19... hxg3 20. hxg3 Nh5 21. Nf1 $5 $13 (
21. Kf2 Kf7 22. Rh1 Rh8 23. Nf1 (23. Nf4 $2 Nxg3 $1 $17 {[%csl Rf2]}) 23... Qb6
$132)) 20. Nf4 Nxf4 21. exf4 b5 22. cxd5 (22. c5 a5 $11) 22... cxd5 23. Qd3 h3
24. Bf1 Qb6 25. Be2 Kg7 26. Qe3 $6 {It was better to start with Nb3 keeping a
queen on d3 in order to prevent Bb5.} (26. Nb3 $5 b4 27. Qa6 $13) 26... b4 27.
Nb3 Bb5 28. Bxb5 Qxb5 29. Nc5 Bxc5 30. dxc5 Qa5 31. Qd4 (31. a3 bxa3 32. bxa3
Rc6 33. Rc3 Rfc8 34. Rdc1 Qa4 $15 {[%csl Rg1]}) 31... Qxa2 32. Ra1 Qb3 33.
Rxa7+ Rf7 34. Ra5 $1 Rfc7 35. Rc1 Qf3 36. Qf2 Qe4 37. Qd2 d4 38. Rc4 Qb1+ $6 {
Missing a chance to increase an advantage with} (38... Qe3+ $1 39. Qf2 b3 40.
Qxe3 (40. Rxd4 $6 Qc1+ 41. Qf1 Rxc5 42. Rd7+ Kh8 43. Raa7 Qxf1+ 44. Kxf1 Rc1+
45. Ke2 R8c2+ 46. Ke3 Re1+ 47. Kd3 Rd1+ 48. Ke3 Rxd7 49. Rxd7 Rxh2 $19) 40...
dxe3 41. Rc3 Rd8 42. Rxe3 Rd1+ 43. Kf2 Rh1 44. Rxb3 Rxh2+ $17) 39. Rc1 Qe4 40.
Rc4 Kg6 $6 (40... Qe3+) 41. Rxd4 Qb1+ 42. Qd1 Qxb2 (42... Qxd1+ 43. Rxd1 Rxc5
44. Rxc5 Rxc5 45. Rd2 b3 46. Kf2 Kf7 47. Ke3 $11) 43. Rd2 $11 Qc3 44. Rd3 Qb2
45. Rd2 Qc3 1/2-1/2

[Event "EU-ch 3rd"]
[Site "Batumi"]
[Date "2002.06.24"]
[Round "12"]
[White "Bagaturov, Giorgi"]
[Black "Goloshchapov, Alexander"]
[Result "1/2-1/2"]
[WhiteElo "2434"]
[BlackElo "2543"]
[Annotator "Postny,E"]
[PlyCount "76"]
[EventDate "2002.06.12"]
[EventType "swiss"]
[EventRounds "13"]
[EventCountry "GEO"]
[SourceTitle "CBM 090"]
[Source "ChessBase"]
[SourceDate "2002.09.20"]
[SourceVersion "1"]
[SourceVersionDate "2002.09.20"]
[SourceQuality "1"]

1. d4 d5 2. c4 c6 3. Nf3 e6 4. Nbd2 f5 5. g3 Nf6 6. Bg2 Bd6 7. O-O O-O 8. Qc2 (
{Another main continuation is} 8. b3) 8... b6 (8... Nbd7 9. cxd5 $1 cxd5 10.
Ne1 f4 11. Nd3 fxg3 12. hxg3 Ng4 13. Nf3 Ndf6 14. Bf4 Bxf4 15. Nxf4 $14 {
1-0 Vladimirov,E-Firman,N/Lausanne 2001/CBM 82 ext (49)}) (8... Bd7 9. Ne5 Ne4
10. Nd3 Be8 11. f3 Ng5 12. Nb3 Nd7 13. Bf4 Qe7 14. Rae1 Bxf4 15. Nxf4 dxc4 16.
Qxc4 Bf7 17. Qc3 e5 $11 {0-1 Vladimirov,E-Liang Chong/Shenyang 1999/EXT 2000 
(61)}) 9. Ne5 (9. b3 Bb7 10. Ne5 {- see the game Hauchard,A-Tregubov,P/Ubeda
op 2000/CBM 75/1/2-1/2 (46) [Tyomkin]}) 9... Bxe5 $5 $146 {According to my
Database this exchange did not appear in practice in this concrete position.} (
9... Bb7 10. Ndf3 c5 (10... Nbd7 11. Bf4 Qe7 12. cxd5 cxd5 13. Rfc1 Rfc8 14.
Qa4 a6 15. Nd3 $14 {1-0 Wojtkiewicz,A-Tregubov,P/Bastia 2000/EXT 2001 (56)})
11. dxc5 bxc5 12. cxd5 Bxd5 13. Nc4 Nc6 14. Be3 Be7 15. Rfd1 Qe8 16. Nfe5 Rc8
17. b3 Bxg2 18. Kxg2 Nd5 $11 {1/2-1/2 Cramling,P-Tregubov,P/France 2001/EXT
2002 (40)}) 10. dxe5 Nfd7 ({More in the spirit of StoneWall is} 10... Ne4 11.
Nxe4 fxe4 12. f3 Ba6 13. cxd5 exd5 $132) 11. Nf3 a5 ({Deserves attention} 11...
Bb7 {[%cal Gc6c5]}) 12. g4 {Interesting attempt to seize the initiative,
before black completes the development of his pieces.} Nc5 (12... fxg4 $4 13.
Ng5 $18 {[%csl Re6,Rh7]}) 13. gxf5 Rxf5 14. Bh3 (14. Nd4 $2 {does not work due
to} Rxe5 15. Bf4 Rh5 16. Bxb8 $2 Rxb8 17. Nxc6 Qd6 $19 {[%cal Rd6c6,Rd6h2]})
14... Rf8 15. Ng5 g6 16. f4 (16. Be3 Nba6 17. Rad1 {[%cal Gd1d4,Gd4h4]} Qc7 {
[%csl Re5] practically forces white to play f2-f4 anyway.}) 16... Qe7 (16...
Nba6 $5) 17. Be3 Nbd7 $6 ({Black should resist to the white's plan, connected
with a2-a3 and b2-b4 by} 17... Nba6 $14) 18. b3 Re8 19. a3 Nf8 20. Rab1 $6 (20.
b4 $1 {Bagaturov probably concerned about the variation} axb4 21. axb4 Rxa1 22.
Rxa1 Na6 {, but after} 23. c5 {white is better.} Nxb4 $6 24. Qc3 $16 {[%cal
Gc5b6]}) 20... Bb7 $6 {This move is too passive.} (20... Ba6 $14) 21. b4 axb4
22. axb4 Ncd7 23. cxd5 (23. c5 $2 bxc5 24. bxc5 Ba6 $13) 23... cxd5 (23... exd5
$2 24. e6 h6 25. Nf7 {and black is collapsing.}) 24. Qc7 Ra3 (24... Ba6 25. b5
Rac8 26. Qd6 $16) 25. Bd4 $1 ({The pawn capture} 25. Bxb6 $6 {would allow
black to stir complications after} Nxb6 26. Qxb6 h6 27. Nf3 d4) 25... Ba8 (
25... Ba6 $6 {is met by} 26. b5) 26. Qd6 h6 27. Qxe7 $5 {I think, that white
could leave his Q on d6, where it dominates black's pieces.} (27. Nf3 $16)
27... Rxe7 28. Nf3 Ra2 29. Rfc1 $2 {This mistake is probably connected with
some miscalculation.} (29. Kf2 {still keeping a big advantage.}) 29... Rxe2 30.
Rc8 (30. Ra1 Re8 31. Rc7 Re4 {and now} 32. Rxd7 $2 {does not work, in view of}
Nxd7 33. Rxa8 Rxa8 34. Bxe6+ Kf8 35. Bxd7 Ra3 $1 $19 {[%csl Rd4,Rf3]}) 30...
Ra2 31. Ra1 Rxa1+ 32. Bxa1 Bb7 33. Rc7 Ba6 {It's clear now, that black managed
(with white's help) to avoid the worst.} 34. Nd4 Bd3 35. Nxe6 Nxe6 36. Rxd7 $6
{This move forces matters and leads to a draw.} (36. Bxe6+ Rxe6 37. Rxd7 {
would still give white some practical winning chances.}) 36... Rxd7 37. Bxe6+
Rf7 38. Bxd5 Kf8 ({The endgame after} 38... Kf8 39. Bxf7 Kxf7 {is completely
drawish.}) 1/2-1/2

[Event "Dos Hermanas op"]
[Site "Dos Hermanas"]
[Date "2000.04.15"]
[Round "9"]
[White "Banikas, Hristos"]
[Black "Tyomkin, Dimitri"]
[Result "1-0"]
[WhiteElo "2535"]
[BlackElo "2516"]
[Annotator "Tyomkin,D"]
[PlyCount "80"]
[EventDate "2000.04.??"]
[EventType "swiss"]
[EventRounds "9"]
[EventCountry "ESP"]
[SourceTitle "CBM 075 Extra"]
[Source "ChessBase"]
[SourceDate "2000.05.11"]
[SourceVersion "2"]
[SourceVersionDate "2000.05.11"]
[SourceQuality "1"]

1. d4 f5 2. g3 Nf6 3. Bg2 e6 4. c4 d5 5. Nd2 c6 6. Qc2 Bd6 7. Nh3 O-O 8. O-O
Qe7 9. Nf3 b6 10. Bf4 Bb7 11. cxd5 (11. Bxd6 Qxd6 12. Nf4 Nbd7 13. cxd5 cxd5
14. Rfc1 Rfc8 15. Qa4 a5 $11 {simply protecting a-pawn (white intended to
capture on c8). Then black brings out the bishop-b7 by Bc6 or Ba6} (15... Bc6
16. Qa6 Nf8 17. Rc2 Rc7 18. Rac1 Rac8 19. Qd3 (19. Qa3 Qxa3 20. bxa3 Ne8 $11 {
[%cal Ye8c7]}) 19... Ne4 $2 (19... Bb5 $1 $11) 20. Qa3 $1 Qd8 $4 21. Ne5 $18
Bb5 22. Rxc7 Rxc7 23. Rxc7 Qxc7 24. Qxf8+ {1-0 Doettling,F-Iljushin,A/Tallinn
1997/EXT 98 (24)}) 16. e3 Ne4 (16... Bc6 17. Qd1 Bb5 $11 {1/2-1/2 Kinsman,
A-Olsen,H/Tjalfe 1995/EXT 99 (44)}) 17. h4 h6 18. Ng6 Rc7 19. Rxc7 Qxc7 20. Qd1
Qd6 21. Rc1 Rc8 22. Rxc8+ Bxc8 23. Qc2 Bb7 24. a3 Nef6 25. Nfe5 Nf8 26. Nxf8
Kxf8 27. Bf1 Nd7 28. Nxd7+ {1/2-1/2 Sosonko,G-Klinger,J/Brocco 1991/EXT 97 (28)
}) ({Probably the most dangerous move for black is} 11. Rac1 {Ftacnik} Nbd7 {
?!-Tyomkin} (11... Ne4 $142 {and then Nf8-d7}) 12. cxd5 Bxf4 {Tyomkin} (12...
cxd5 13. Bxd6 Qxd6 14. Qc7 Qxc7 15. Rxc7 Rab8 16. Rfc1 Rfc8 17. Nf4 $16) (12...
Nxd5 13. Bxd6 Qxd6 14. e4 $1 fxe4 15. Nhg5 $1 Qe7 (15... N5f6 16. Nxe4 $16) (
15... N7f6 16. Ne5 c5 17. Nc4 Qd7 18. dxc5 bxc5 19. Nxe4 $16) 16. Qxe4 $16 {
1-0 Sosonko,G-Hansen,L/Polanica Zdroj 1993/CBM 37/[Ftacnik] (31)}) 13. Nxf4
cxd5 14. Qa4 Qd6 15. Qa3 $5 (15. Rc2 $14 {[%cal Gf1c1]}) 15... Qxa3 16. bxa3
$16 {[%csl Re6][%cal Gc1c7]}) 11... cxd5 {[%cal Gb8c6] Now the knight can be
developed on c6,and black gets control over the queenside.} 12. Rfc1 Nc6 (12...
Rc8 $2 13. Qxc8+ $18) 13. Qa4 $146 (13. e3 Rfc8 14. Qa4 Ne4 15. Bxd6 Qxd6 16.
Nf4 Rc7 17. Rc2 Rac8 18. Rac1 a5 {Very interesting fight is going on in the
following line:} 19. Ne5 $1 (19. h4 $6 Ba6 $11 {1/2-1/2 Kallai,G-Lehmann,Z/
Budapest 1995/EXT 97 (33)}) 19... Nf6 $1 {[%cal Gc6e5,Yf6e8]} 20. Qa3 $1 Nb4 $8
21. Rxc7 Rxc7 22. Rc3 Ne4 23. f3 $1 Nd2 $1 {[%cal Rd2b1]}) 13... Rfc8 14. Bxd6
Qxd6 15. Nf4 Ne4 {Black may double rooks on c-file, but it leads to very
unpleasant pin:} (15... Rc7 16. Rc2 Rac8 17. Rac1 a5 {[%cal Gc6b4]} 18. Qa3 Nb4
(18... Qxa3 19. bxa3 Re7 20. e3 $1 {[%cal Gg2f1] with an advantage.} (20. Ng5
h6 $1)) 19. Rxc7 Rxc7 20. Rxc7 Qxc7 21. Qe3 {getting an advantage.} (21. Nxe6
Qc1+ 22. Bf1 Ba6 23. Kg2 {black has a compensation, but this line could be
convenient for white.})) 16. Nd3 (16. e3 {-13.e3}) (16. Rc2 a5 17. Rac1 Qb4 $1
{and it looks like black gets a draw in forthcoming ending.}) 16... a5 {
This move captures the space over the queenside and black intends to develop
the bishop to a6.} (16... Rc7 17. Rc2 Rac8 18. Rac1 a5 {and probably black
gets an equality.}) 17. Nfe5 (17. Qb5 Ba6 $1 18. Qxb6 Bc4 {[%csl Rb6][%cal
Ra8b8] and white can not save the queen.}) 17... Nxe5 18. Nxe5 Nf6 $1 {[%csl
Yd7,Ye8][%mdl 256] The exact evaluation of this position is: +/=/= Good
defensive move, which protects weak squares d7 and e8. On the other hand, N is
almost useless on e4.} 19. e3 {[%cal Gg2f1]} Ba6 20. a3 Rc7 (20... Rxc1+ 21.
Rxc1 Rc8 22. Rxc8+ Bxc8 23. Bf1 $14 {white still has better position, and it's
quite importent to keep on queens in the game.}) 21. b4 axb4 22. Rxc7 (22. Qxb4
Qxb4 (22... Qd8 $2 23. Nc6 {[%csl Rb6]}) 23. axb4 Rxc1+ 24. Rxc1 Bc4 $5 {
Otherwise black gets worse,because of its knight is worse than whites.} 25.
Nxc4 Rc8 {and it's going to be a draw.}) 22... Qxc7 23. axb4 h6 24. Qc6 (24.
Qd1 $142 $1 {Only winning chance for white is not to change queens.} Bb7 25.
Rxa8+ Bxa8 26. Bf1 {Still better for white, but should be draw, as usually
happenes.}) 24... Qxc6 25. Nxc6 Kf8 $1 {[%cal Ga6b7][%mdl 256] Another exact
move, which forces the drawn ending.} 26. Bf1 Bb7 27. Rxa8+ Bxa8 {Blacks
defensive play in this game was succesfull, but unfortunately I found a way to
lose this ending in hard time-trouble.} 28. Ne5 g5 {It wasn't necessary at all.
} 29. Ba6 Ke7 30. Bc8 Ne4 31. g4 fxg4 32. Nxg4 h5 33. Ne5 Nd6 34. Bd7 (34. Ba6
b5 $1 {[%csl Ra6] And then black moves the king to the bishop.}) 34... Nc4 35.
Ba4 Nxe5 $2 {Black changes its main defensive piece. The forthcoming bishop's
ending is much worse for black.} 36. dxe5 Bb7 37. h4 $1 $16 {Fixing blacks
pawn on h5. This ending is already very dangerous for black because of all
pawns on the same colour of squares with the bishop.} gxh4 38. Bb5 Kf7 39. Bd3
Kg7 40. Kh2 Kh6 (40... Kh6 {Black lost on time on the last move of time
control, but the position should be losing already because of two weaknesses:
h5 and e6(or d5, after f4-f5).}) 1-0